zpět

Detail výsledku týmu

Baarovka, České Budějovice

Datum a čas kvízu

36.5 Celkem bodů Celkový počet nahraných bodů na tomto kvízu bez doplňovacích otázek.
2. Pořadí na kvízu Konečné umístění týmu na tomto kvízu.

Zaznamenané odpovědi

# Otázka Odpověď Body Výsledky
1. Danuše Nerudová přijala nabídk... STAN 1
2. Berlínští policisté museli min... o mývaly 1
3. Který oblíbený zahraniční here... Robert De Niro 0
4. Tisíce lidí se v úterý shromáž... v Irsku 1
5. Bývalý pilot Formule 1 podal m... Felipe Massa 0
6. Léto je v plném proudu a my vá... v Brně 1
7. Festival Hrady CZ objíždí již... D 1
8. Již od roku 1946 patří k létu... Mariánské Lázně 1
9. K létu neodmyslitelně patří ko... Slezská Harta 0
10. Přiřaďte následující oblíbené... 1B 2A 3D 4C 0